000 00695nam a2200205Ii 4500
003 JO-AjNU
008 230605s9999||||xx |||||||||||||| ||und||
040 _aJO-AjNU
_bara
_erda
_cJO-AjNU
041 _aara
050 1 4 _aB53.W3422.2006
100 3 _aالوالي،عبد الجليل كاظم,
_eauthor
_922310
245 0 0 _aالعقل والنقد :قراءة في إشكاليات النقد الفلسفي
250 _aط1
264 3 1 _aالعين:دار الكتاب الجامعي ،2006
300 _a194ص
336 _atext
_btxt
_2rdacontent
337 _aunmediated
_bn
_2rdamedia
338 _avolume
_bnc
_2rdacarrier
650 4 _aالفلسفة -- تاريخ ونقد 
_922311
999 _aA7896
_c11464
_d11464